| 000 | 00443nam a2200145 a 4500 | ||
|---|---|---|---|
| 001 | 000040521 | ||
| 005 | 20240229091727.0 | ||
| 008 | 130829s1980 dr 000 0 spa d | ||
| 040 |
_aDO-SdBNP _bspa _cBNPHU |
||
| 100 | 1 |
_aJimenes Grullón, Juan Isidro, _d1903-1983 _92482 |
|
| 245 | 1 | 0 |
_aNuestra falsa izquierda / _cJuan Isidro Jimenes-Grullón. |
| 250 | _a2a ed. | ||
| 260 |
_aSanto Domingo : _bAlfa y Omega, _c1980. |
||
| 300 |
_a350 p. ; _c19 cm. |
||
| 999 |
_c40011 _d40011 |
||